00468nam a2200157Ia 4500001000500000005001700005008004100022041000800063082001500071110007200086245009300158260000900251300003400260650000800294654000800302225220260306143828.0260306t1975||||xx |||||||||||||| ||spa|| aESP a616.8bM61 aMinisterio de Salud Pública. Hospital Psiquiátrico de La Habana 0aGlosario cubano de la clasificación internacional de enfermedades psiquiátricas GC-1 c1975 axxiv, 142 páginas :c21 cm. aGEN aCPS